000 02021nam a2200469 a 4500
001 z9mscp b2530682
003 KyLxBWI
005 20180604212756.0
008 040825t20032003nyu c 000 1 spa d
020 _a0439670519
_qpaperback
024 _a078073004997
040 _aKyLxBWI
_beng
_cKyLxBWI
_dKyLxBWI
041 1 _aspa
_heng
082 0 4 _a[Fic]
_222
099 _ajESCALOF
_aSPANISH
100 1 _aStine, R. L.
_0http://id.loc.gov/authorities/names/n85268710.
240 1 0 _aHow I got my shrunken head.
_lSpanish.
245 1 0 _aEscalofrios,
_pComo consegui mi cabeza humana reducida /
_cR.L. Stine.
246 3 _aComo consegui mi cabeza humana reducida.
260 _aNueva York :
_bScholastic,
_cc2003
264 1 _aNueva York :
_bScholastic,
_c[2003]
264 4 _cc2003.
300 _a119 pages ;
_c20 cm.
336 _atext
_btxt
_2rdacontent.
337 _aunmediated
_bn
_2rdamedia.
338 _avolume
_bnc
_2rdacarrier.
385 _nage
_aChildren
_2lcdgt.
490 1 _aEscalofrios.
500 _aTranslation of: How I got my shrunken head.
500 _a"Scholastic en espanol"--Cover.
520 _aMark's Aunt Benna presents him with a gift of a shrunken head from the jungle island of Baladora, and it is giving him a strange, dangerous power.
521 0 _a4.0.
521 1 _a008-012.
546 _aText in Spanish.
650 0 _aShrunken heads
_0http://id.loc.gov/authorities/subjects/sh98004598
_vJuvenile fiction.
_0http://id.loc.gov/authorities/subjects/sh99001687.
650 0 _aHead
_0http://id.loc.gov/authorities/subjects/sh85059468
_vJuvenile fiction.
_0http://id.loc.gov/authorities/subjects/sh99001687.
650 0 _aSpanish language materials
_vJuvenile fiction.
655 7 _aHorror fiction.
_2lcgft
_0http://id.loc.gov/authorities/genreForms/gf2014026373.
655 7 _aFiction.
_2lcgft
_0http://id.loc.gov/authorities/genreForms/gf2014026339.
800 1 _aStine, R. L.
_tGoosebumps.
_lSpanish ;
_0http://id.loc.gov/authorities/names/no2002066461
_v#39.
942 _cBK
999 _c20852
_d20852